000
00256nam a22001217a 4500
008
180606b xxu||||| |||| 00| 0 eng d
041
_a
eng
080
_a
043.3
100
_a
0
101
_a
SHKI-MTH
245
_a
QOS OF WIFI
_c
Berisha,V
942
_2
udc
_c
BK
999
_c
46369
_d
46369